| 000 | 00819nam a2200265 a 4500 | ||
|---|---|---|---|
| 001 | 55246 | ||
| 003 | BD-RjUL | ||
| 005 | 20211209080234.0 | ||
| 008 | 161115s1964 ii ||||| |||| 00| 0 eng d | ||
| 035 | _a(BD-RjUL)55368 | ||
| 040 |
_aBD-RjUL _beng _cBD-RjUL _dBD-RjUL |
||
| 041 | _aeng | ||
| 082 |
_223 _a676.2 _bSYN 1964 |
||
| 245 | 0 | 0 |
_aSynthetic fibers in papermaking / _cEdited by O. A. Battista |
| 260 |
_aNew York : _bInterscience Publishers, _c1964. |
||
| 300 |
_axi, 240 p. : _bill. ; _c23 cm. |
||
| 490 | _aPolymer engineering and technology. | ||
| 500 | _aIncludes Index | ||
| 650 |
_aFibers. _9164593 |
||
| 650 |
_aTextile fibers, Synthetic _9164594 |
||
| 650 |
_aPaper industry _9138145 |
||
| 700 |
_aBattista, O. A. _9164595 |
||
| 830 |
_aPolymer engineering and technology. _9206873 |
||
| 942 |
_2ddc _cBK |
||
| 999 |
_c55246 _d55246 |
||